1600 1262 1967 1611 1546 1314 1490 1137 1022 1664 1518 1540 1847 1715 1745 1441 1637 1563 1025 1308 1739 1168 1502 1933 1175 1132 1862 1317 1813 1690 1890 1903 1836 1130 1639 1432 1060 1607 1906 1086 1136 1775 1892 1708 1124 1261 1530 1541 1629 1226 1109 1646 1258 1732 1793 1244 1037 1928 1111 1634 1033 1249 1059 1929 1461 1956 1814 1741 1854 1236 1292 1575 1500 1259 1137 1847 1790 1734 1887 1537 1818 1919 1093 1704 1132 1594 1420 1755 1672 1532 1908 1980 1476 1547 1375 1710 1577 1824 1287 BCNSPRNW ULIB Ver.6.0+V

เปลี่ยนเป็นภาษาไทย

Change to English
 แสดงรายละเอียดบรรณานุกรม
  กลับหน้าหลัก

Brief Record : Get Marc (ISO 2709) : E-mail record : QR code < ปิดหน้าต่าง
LEADER : 00000nam 2200000uu 4500
001    13399121081
003     ULIB
008    020711s2554 th a 000 0 tha d
020    9786167017716
090    นว.^bก631ม
100    กิ่งพยอม
245    มนต์ตราหิมาลัย/^cกิ่งพยอม
260    กรุงเทพฯ :^bอักษรศาสตร์,^c2554
300    396 หน้า
945    ^p279^l0^i19553
999    ^aทศพร เกษรทอง
รายการนี้ยังไม่มีแท็ก
คุณยังไม่ได้ล็อกอิน คุณสามารถมีกิจกรรมร่วมกับเว็บไซต์ได้ แต่ต้องล็อกอินก่อน ::
  ล็อกอิน

รายการสื่อสารสนเทศ

ลำดับที่ ประเภท เลขเรียก/บาร์โค้ด สถานที่ สถานะ
1. นวนิยาย
นวนิยาย
นว. ก631ม  
  Barcode: 19553
ห้องสมุดวิทยาเขตสวรรค์ประชารักษ์
►นวนิยาย
บนชั้น
  ขอยืม

รายการใกล้เคียง
    ผู้แต่ง [กิ่งพยอม]

BibComment


ยังไม่เคยถูกคอมเมนท์

คอมเมนท์ทรัพยากรรายการนี้
  คอมเมนท์: มนต์ตราหิมาลัย กิ..


 Copyright 2026. Bcnsprnw @Library